|
|
|
|
| LEADER |
00000nam0a2200000 4500 |
| 001 |
112647 |
| 005 |
20231031121517.0 |
| 035 |
|
|
|a (RuTPU)RU\TPU\book\121802
|
| 090 |
|
|
|a 112647
|
| 100 |
|
|
|a 20070331d1966 km y0rusy50 ca
|
| 101 |
0 |
|
|a rus
|
| 102 |
|
|
|a RU
|
| 105 |
|
|
|a a z 001zy
|
| 200 |
1 |
|
|a Физико-химические методы изучения, анализа и фракционирования биополимеров
|a Основы молекулярной биологии
|f Академия наук СССР (АН СССР), Научный совет по проблемам молекулярной биологии ; под ред. Г. В. Самсонова, В. А. Энгельгарда
|
| 210 |
|
|
|a Москва
|c Наука
|d 1966
|a Ленинград
|
| 215 |
|
|
|a 341 с.
|c ил.
|
| 320 |
|
|
|a Библиография в конце глав.
|
| 610 |
1 |
|
|a биология
|
| 610 |
1 |
|
|a молекулярная биология
|
| 610 |
1 |
|
|a биополимеры
|
| 610 |
1 |
|
|a физико-химические методы
|
| 610 |
1 |
|
|a физико-химическая структура
|
| 610 |
1 |
|
|a физико-химический анализ
|
| 610 |
1 |
|
|a титрование
|
| 610 |
1 |
|
|a электрофорез
|
| 610 |
1 |
|
|a хроматермография
|
| 610 |
1 |
|
|a газовая хроматография
|
| 675 |
|
|
|a 547.9
|v 3
|
| 702 |
|
1 |
|a Самсонов
|b Г. В.
|4 340
|
| 702 |
|
1 |
|a Энгельгард
|b В. А.
|4 340
|
| 712 |
0 |
2 |
|a Академия наук СССР (АН СССР)
|b Научный совет по проблемам молекулярной биологии
|2 stltpush
|3 (RuTPU)RU\TPU\col\722
|
| 801 |
|
1 |
|a RU
|b 63413507
|c 20070331
|g PSBO
|
| 801 |
|
2 |
|a RU
|b 63413507
|c 20080504
|g PSBO
|
| 942 |
|
|
|c BK
|